000 01055cam a2200289 i 4500
001 23979683
003 OSt
005 20260312124750.0
008 240826s2016 enk of 001 0 eng
020 _a9781472524300
_qePDF
020 _a9781472525970
_qePub
020 _z9781350058026
040 _beng
_cHDL
082 0 0 _a111.850954 Q8
_223
245 0 4 _aThe Bloomsbury research handbook of Indian aesthetics and the philosophy of art /
_cedited by Arindam Chakrabarti.
264 1 _aNew York :
_bBloomsbury Academic, an imprint of Bloomsbury Publishing Plc,
_c2016.
300 _ax,428p.
490 0 _aBloomsbury Research Handbooks in Asian Philosophy
588 _aDescription based on print version record; resource not viewed.
650 0 _aAesthetics, Indic.
_91131850
650 0 _aArt, Indic
_xPhilosophy.
_91131851
650 7 _aPHILOSOPHY / General.
_2bisacsh
_91131852
650 7 _aPHILOSOPHY / Aesthetics.
_2bisacsh
_91131853
700 1 _aChakrabarti, Arindam,
_eeditor.
_91131854
942 _2CC
_cTEXL
_n0
999 _c1715235
_d1715235